000 00706nam a22001937a 4500
999 _c176763
_d176763
005 20210125124401.0
010 _aUR-11008
020 _c35.00
_a24IRV89TC
035 _aU-9563
037 _bDBAD/PUB
082 _a841.08
100 _qکنو ر مہند ر سنگھ بيد ی سحر
245 _aجمنا تٹ سو ر ن
_cکنو ر مہند ر سنگھ بيد ی سحر
246 _bKanwer Mahinder Singh Bedi (Urdu)
_aby Haryana Urdu Acedemy
260 _aChandigarh
_bDirector Haryana Urdu Acedemy
_c2020 ء
270 _aSOC and Printers,Industrial Area,
_bChandigarh
_e134113
_l01722561412
300 _a125 ص
_c22 Cm(Hb)
942 _2ddc
_cUR
_h841.08
_mب ے د